000 01346nam a22004097a 4500
003 CHAP
005 20220817044149.0
008 070507d2006 it rn 00110 eng d
010 _a93616
011 _a94588
020 _a925105567X
035 _a105183
040 _cCHAP
082 0 4 _a639.2
_bF3 v.491
110 2 _aFAO
245 1 0 _aSocio-economic indicators in integrated coastal zone and community-based fisheries mangement :
_bcase studies from the Caribbean
_c/ed. by Uwe Tietze, Milton Haughton and Susana V. Siar
260 _aRome :
_bFAO,
_c2006.
300 _a208 p.
410 2 0 _aFAO
490 0 _aDocumento técnico de pesca
_v; 491
590 _aBATCH-UPD
_b10
_c20130110
_lUCH01
_h0329
590 _aBATCH-UPD
_b10
_c20130110
_lUCH01
_h1715
590 _aBATCH-UPD
_b10
_c20130410
_lUCH01
_h0002
590 _aBATCH-UPD
_b10
_c20130914
_lUCH01
_h1215
590 _aCONVERSION
_b10
_c20130109
_lUCH01
_h1352
650 1 4 _aPesca costera.
_987436
650 1 4 _aPesca
_xCaribe.
_987368
700 0 _aTietze, Uwe
_eed.
_9113276
700 1 _aHaughton, Milton
_eed.
_953089
700 1 _aSiar, Susana V.
_eed.
_9105795
810 0 _aFAO
830 0 0 _aDocumento técnico de pesca
_v; 491
_933242
901 _aBK
905 _aLilia
942 _cLIBRO
949 _a639.2 F3 v.491
_bBC
_cFAO
_d33724002029280
_eFAO1
_h108638
_i105183
_sb
999 _c93616
_d93616